Kỷ yếu Hội nghị đào tạo Đại học (Tài liệu cần được phổ biến rộng rãi trong các trường Đại học, Cao đẳng)
Guardat en:
| Format: | Llibre |
|---|---|
| Idioma: | Undetermined |
| Publicat: |
Hà Nội
Bộ Gíao Dục và Đào Tạo
1998
|
| Matèries: | |
| Etiquetes: |
Afegir etiqueta
Sense etiquetes, Sigues el primer a etiquetar aquest registre!
|
| Thư viện lưu trữ: | Trung tâm Học liệu Trường Đại học Cần Thơ |
|---|
| LEADER | 00604nam a2200157Ia 4500 | ||
|---|---|---|---|
| 001 | CTU_29230 | ||
| 008 | 210402s9999 xx 000 0 und d | ||
| 082 | |a 378.1 | ||
| 082 | |b K600 | ||
| 245 | 0 | |a Kỷ yếu Hội nghị đào tạo Đại học (Tài liệu cần được phổ biến rộng rãi trong các trường Đại học, Cao đẳng) | |
| 260 | |a Hà Nội | ||
| 260 | |b Bộ Gíao Dục và Đào Tạo | ||
| 260 | |c 1998 | ||
| 650 | |a universities and colleges - vietnam | ||
| 904 | |i Minh, 990315 | ||
| 980 | |a Trung tâm Học liệu Trường Đại học Cần Thơ | ||